| 000 | 01396cad a22002535a 4500 | ||
|---|---|---|---|
| 001 | E147456 | ||
| 008 | 090513s2008 xxkao f 000 0 eng d | ||
| 035 | _a(Sirsi) u147456 | ||
| 041 | 0 | _aeng | |
| 050 | 0 | 4 | _a690.241 $2 18 |
| 100 | 1 | _aBaker, Paul | |
| 245 | 0 | 0 |
_aThermal performance of traditional windows _h[electronic resource] |
| 250 | _aRevised 2010 | ||
| 260 |
_aGlasgow _bGlasgow Caledonian University _c2008 |
||
| 490 | 0 |
_aHistoric Scotland Technical Paper _v(1) |
|
| 520 | _aPresents the results of a study into the thermal performance of traditional windows and ways in which heat loss can be reduced. The research was carried out by the Centre for Research on Indoor Climate and Health at Glasgow Caledonian University on behalf of Historic Scotland. Suggests that draught-proofing, the use of shutters and blinds, secondary double glazing and the use of double glazed replacement panes can all improve windows' thermal performance. | ||
| 521 | _aAdvanced | ||
| 590 | _aKA | ||
| 651 | 4 |
_aScotland _y1999- |
|
| 690 | _aBUILT ENVIRONMENT-BUILDING TYPES-ANCIENT MONUMENTS AND HISTORIC BUILDINGS | ||
| 690 | _aBUILT ENVIRONMENT-BUILDING ELEMENTS-PARTS OF BUILDING ELEMENTS-OPENINGS-WINDOWS | ||
| 856 | 4 | 0 |
_uhttps://www.historic-scotland.gov.uk/thermal_performance_of_traditional_windows_2010.pdf _zView the report free of charge at www.historic-scotland.gov.uk... |
| 942 | _n0 | ||
| 999 |
_c109559 _d109559 |
||